All Spider-Man Villains By Picture - Statistics

General Stats
  • This quiz has been taken 64 times
    14 since last reset
  • The average score is 15 of 19
Answer Stats
Picture Answer % Correct
Carnage
100%
Electro
100%
Green Goblin
100%
Mysterio
100%
Rhino
100%
Sandman
100%
Venom
100%
Shocker
92%
Vulture
92%
Morbius
83%
Chameleon
75%
Kraven the Hunter
75%
Scorpion
75%
Boomerang
67%
Dr. Octopus
58%
Hydro Man
58%
Tarantula
58%
Black Cat
50%
Molten Man
50%
No matching quizzes found
Score Distribution
Percent of People with Each Score
Percentile by Number Answered
Your Score History
You have not taken this quiz since the last reset